[Event "IV Festival A"]
[Site "Porto San Giorgio ITA"]
[Date "1992.08.30"]
[Round "9"]
[White "Lazzarato, Alberto"]
[Black "Tortarolo, Massimiliano"]
[WhiteElo "2039"]
[BlackElo "2255"]
[Result "1-0"]
[PlyCount "69"]
[EventDate "1992.08.22"]

1. e4 e5 2. Nf3 Nc6 3. Bb5 a6 4. Ba4 Nf6 5. O-O Be7 6. Bxc6 dxc6 7. d3 Nd7 8.
Nbd2 O-O 9. Nc4 f6 10. Kh1 Nc5 11. Ng1 b5 12. Ne3 Nb7 13. Ne2 Nd6 14. b3 c5 15.
Ba3 Nf7 16. Bb2 Be6 17. f4 Kh8 18. Qe1 Bd6 19. f5 Bd7 20. Bc1 a5 21. a4 bxa4
22. bxa4 Qe8 23. Nc3 Nd8 24. Nc4 Nc6 25. Qf2 Nd4 26. Be3 Qb8 27. Ra2 Qa7 28.
Bd2 Rfb8 29. g4 Rf8 30. Qh4 Be8 31. Nd5 Nc6 32. Rf3 Kg8 33. Rh3 h6 34. Bxh6 Rf7
35. Bg5 1-0

[Event "IV Festival A"]
[Site "Porto San Giorgio ITA"]
[Date "1992.08.30"]
[Round "9"]
[White "Scotti, Umberto"]
[Black "Ljubisavljevic, Zivojin Z."]
[WhiteElo "2026"]
[BlackElo "2260"]
[Result "1-0"]
[PlyCount "37"]
[EventDate "1992.08.22"]

1. e4 d6 2. d4 Nf6 3. Nc3 c6 4. f4 Qa5 5. Bd3 e5 6. fxe5 dxe5 7. dxe5 Ng4 8. h3
Nxe5 9. Nf3 Be6 10. O-O Be7 11. Nxe5 Qxe5 12. Bf4 Qc5+ 13. Kh1 Nd7 14. Qe2 Bf6
15. Rae1 Bxc3 16. bxc3 Qxc3 17. Bd6 Ne5 18. Qh5 Nxd3 19. Qg5 1-0

[Event "IV Festival A"]
[Site "Porto San Giorgio ITA"]
[Date "1992.08.30"]
[Round "9"]
[White "Tocchioni, Doriano"]
[Black "Drazic, Sinisa"]
[WhiteElo "2240"]
[BlackElo "2410"]
[Result "0-1"]
[PlyCount "76"]
[EventDate "1992.08.22"]

1. d4 Nf6 2. c4 c5 3. d5 b5 4. cxb5 a6 5. b6 g6 6. Nc3 Bg7 7. e4 d6 8. Qb3 Bb7
9. f3 O-O 10. Bd2 Nbd7 11. Na4 Ne5 12. Rc1 e6 13. dxe6 fxe6 14. Nh3 Qd7 15. Be2
Bc6 16. Nc3 d5 17. Bf4 Nh5 18. Bg5 d4 19. Nb1 d3 20. Bf1 Rxf3 21. Nd2 Rf7 22.
Rxc5 Ba4 23. b7 Rb8 24. Rc8+ Rf8 25. Rxf8+ Bxf8 26. Qc3 Bg7 27. Qa5 Rxb7 28. b3
Rc7 29. g3 Bb5 30. Nf2 Nf3+ 31. Nxf3 Bc3+ 32. Qxc3 Rxc3 33. Bd2 Qc7 34. a4 Rxb3
35. axb5 Rb1+ 36. Nd1 Qc2 37. Be2 axb5 38. Nd4 Qc4 0-1